00313nam a2200121Ia 4500008004100000041000800041082001500049100001700064245004100081260003200122300003000154365000700184240624s9999 xx 000 0 und d aeng a378.54 CHA aCHATURVEDI H aTRANSFORMING INDIAN HIGHER EDUCATION c2015aNew DelhibBloomsbury axx, : 292 : p. : cm. ; 24 cRS